<?xml version="1.0" encoding="UTF-8"?>
<record
    xmlns:xsi="http://www.w3.org/2001/XMLSchema-instance"
    xsi:schemaLocation="http://www.loc.gov/MARC21/slim http://www.loc.gov/standards/marcxml/schema/MARC21slim.xsd"
    xmlns="http://www.loc.gov/MARC21/slim">

  <leader>01565nam a2200385 u 4500</leader>
  <controlfield tag="001">664549</controlfield>
  <controlfield tag="005">20260506091259.0</controlfield>
  <controlfield tag="008">010516s2000                        spa  </controlfield>
  <datafield tag="020" ind1=" " ind2=" ">
    <subfield code="a">8401014255</subfield>
  </datafield>
  <datafield tag="035" ind1=" " ind2=" ">
    <subfield code="a">664549</subfield>
  </datafield>
  <datafield tag="035" ind1=" " ind2=" ">
    <subfield code="a">(OCoLC)433865486</subfield>
  </datafield>
  <datafield tag="040" ind1=" " ind2=" ">
    <subfield code="c">comduadb</subfield>
  </datafield>
  <datafield tag="041" ind1=" " ind2=" ">
    <subfield code="a">spa</subfield>
  </datafield>
  <datafield tag="082" ind1=" " ind2="4">
    <subfield code="a">155</subfield>
  </datafield>
  <datafield tag="100" ind1="1" ind2="0">
    <subfield code="a">Reuben, David R.</subfield>
    <subfield code="4">aut</subfield>
    <subfield code="e">aut</subfield>
    <subfield code="9">252827</subfield>
  </datafield>
  <datafield tag="245" ind1="1" ind2="0">
    <subfield code="a">Todo lo que siempre quiso saber sobre sexo</subfield>
  </datafield>
  <datafield tag="260" ind1=" " ind2=" ">
    <subfield code="a">Barcelona :</subfield>
    <subfield code="b">Plaza &amp; Jan&#xE9;s,</subfield>
    <subfield code="c">2000.</subfield>
  </datafield>
  <datafield tag="300" ind1=" " ind2=" ">
    <subfield code="a">351 p&#xE1;ginas.</subfield>
  </datafield>
  <datafield tag="505" ind1=" " ind2=" ">
    <subfield code="a">CONTENIDO : 1: M&#xE1;s all&#xE1; de la procreaci&#xF3;n. -- 2: &#xD3;rganos sexuales masculinos. -- 3: &#xD3;rganos sexuales femeninos. -- 4: El coito. -- 5: Afrodisiacos. -- 6: Impotencia. -- 7: Frigidez. -- 8: Homosexualidad. -- 9: Masturbaci&#xF3;n. -- 10: Perversiones sexuales. -- 11: Prostituci&#xF3;n. -- 12: M&#xE9;todos anticonceptivos. -- 13: Aborto. -- 14: Enfermedades de transmisi&#xF3;n sexual. -- 15: Menopausia. -- 16: Sexo en la tercera edad.</subfield>
  </datafield>
  <datafield tag="650" ind1=" " ind2="7">
    <subfield code="a">Sexo (Psicolog&#xED;a)</subfield>
    <subfield code="2">lemb</subfield>
    <subfield code="9">18156</subfield>
  </datafield>
  <datafield tag="650" ind1=" " ind2="7">
    <subfield code="a">Educaci&#xF3;n sexual</subfield>
    <subfield code="2">embne</subfield>
    <subfield code="9">43487</subfield>
  </datafield>
  <datafield tag="650" ind1=" " ind2=" ">
    <subfield code="a">Impotencia sexual</subfield>
    <subfield code="9">593</subfield>
  </datafield>
  <datafield tag="650" ind1=" " ind2=" ">
    <subfield code="a">Frigidez</subfield>
    <subfield code="9">55261</subfield>
  </datafield>
  <datafield tag="650" ind1=" " ind2="7">
    <subfield code="a">Homosexualidad</subfield>
    <subfield code="2">lemb</subfield>
    <subfield code="9">2402</subfield>
  </datafield>
  <datafield tag="650" ind1=" " ind2=" ">
    <subfield code="a">Masturbaci&#xF3;n</subfield>
    <subfield code="9">175214</subfield>
  </datafield>
  <datafield tag="650" ind1=" " ind2=" ">
    <subfield code="a">Perversiones sexuales</subfield>
    <subfield code="9">40661</subfield>
  </datafield>
  <datafield tag="650" ind1=" " ind2="7">
    <subfield code="a">Prostituci&#xF3;n</subfield>
    <subfield code="2">lemb</subfield>
    <subfield code="9">2058</subfield>
  </datafield>
  <datafield tag="650" ind1=" " ind2="7">
    <subfield code="a">Anticonceptivos</subfield>
    <subfield code="2">embne</subfield>
    <subfield code="9">4561</subfield>
  </datafield>
  <datafield tag="650" ind1=" " ind2="7">
    <subfield code="a">Enfermedades de transmisi&#xF3;n sexual</subfield>
    <subfield code="2">dcs</subfield>
    <subfield code="9">72629</subfield>
  </datafield>
  <datafield tag="650" ind1=" " ind2="7">
    <subfield code="a">Menopausia</subfield>
    <subfield code="2">lemb</subfield>
    <subfield code="9">19076</subfield>
  </datafield>
  <datafield tag="650" ind1=" " ind2=" ">
    <subfield code="a">Sexo en la tercera edad</subfield>
    <subfield code="9">78514</subfield>
  </datafield>
  <datafield tag="650" ind1=" " ind2="7">
    <subfield code="a">Aborto</subfield>
    <subfield code="2">dcs</subfield>
    <subfield code="9">2454</subfield>
  </datafield>
  <datafield tag="650" ind1=" " ind2=" ">
    <subfield code="a">Afrodisiacos</subfield>
    <subfield code="9">18586</subfield>
  </datafield>
  <datafield tag="942" ind1=" " ind2=" ">
    <subfield code="c">BOOK</subfield>
  </datafield>
  <datafield tag="999" ind1=" " ind2=" ">
    <subfield code="c">201216</subfield>
    <subfield code="d">201216</subfield>
  </datafield>
  <datafield tag="952" ind1=" " ind2=" ">
    <subfield code="0">0</subfield>
    <subfield code="1">0</subfield>
    <subfield code="4">0</subfield>
    <subfield code="7">0</subfield>
    <subfield code="8">GEN</subfield>
    <subfield code="a">BC</subfield>
    <subfield code="b">BC</subfield>
    <subfield code="d">2023-04-23</subfield>
    <subfield code="e">Plaza &amp; Jan&#xE9;s</subfield>
    <subfield code="g">45000.00</subfield>
    <subfield code="i">C681785</subfield>
    <subfield code="l">0</subfield>
    <subfield code="o">155.3 R442</subfield>
    <subfield code="p">61000003573512</subfield>
    <subfield code="r">2023-04-23 00:00:00</subfield>
    <subfield code="t">1</subfield>
    <subfield code="w">2023-04-23</subfield>
    <subfield code="y">BOOK</subfield>
  </datafield>
  <datafield tag="952" ind1=" " ind2=" ">
    <subfield code="0">0</subfield>
    <subfield code="1">0</subfield>
    <subfield code="4">0</subfield>
    <subfield code="7">0</subfield>
    <subfield code="8">GEN</subfield>
    <subfield code="a">BC</subfield>
    <subfield code="b">BC</subfield>
    <subfield code="d">2002-09-19</subfield>
    <subfield code="e">Plaza &amp; Jan&#xE9;s</subfield>
    <subfield code="g">45000.00</subfield>
    <subfield code="i">C757006</subfield>
    <subfield code="l">0</subfield>
    <subfield code="o">155.3 R442 e2</subfield>
    <subfield code="p">61000005028291</subfield>
    <subfield code="r">2023-04-23 00:00:00</subfield>
    <subfield code="t">2</subfield>
    <subfield code="w">2023-04-23</subfield>
    <subfield code="y">BOOK</subfield>
  </datafield>
</record>
